Biodiverzita a zemědělství
Charakteristika poľnohospodárstva. Biodiverzita v agrosystémoch a kľúčová úloha bezstavovcov. Biologická kontrola a integrovaná ochrana agrosystémov pred škodlivými druhmi. Ekologické poľnohospodárstvo a biodiverzita. Biodiverzita a poľnohospodárstvo v Čechách.
Gespeichert in:
| 1. Verfasser: | |
|---|---|
| Weitere Verfasser: | , |
| Format: | Buchkapitel |
| Sprache: | Tschechisch |
| Schlagworte: | |
| Tags: |
Keine Tags, Fügen Sie das erste Tag hinzu!
|
MARC
| LEADER | 00000naa$a2200000$$$4500 | ||
|---|---|---|---|
| 001 | 0061215 | ||
| 005 | 20231121100526.2 | ||
| 041 | 0 | |a cze | |
| 044 | |a SK | ||
| 245 | 1 | 0 | |a Biodiverzita a zemědělství |c Jaroslav Boháč, Jan Moudrý, Libuše Desetová |
| 520 | |a Charakteristika poľnohospodárstva. Biodiverzita v agrosystémoch a kľúčová úloha bezstavovcov. Biologická kontrola a integrovaná ochrana agrosystémov pred škodlivými druhmi. Ekologické poľnohospodárstvo a biodiverzita. Biodiverzita a poľnohospodárstvo v Čechách. | ||
| 610 | 2 | 0 | |a diverzita biologická |
| 610 | 2 | 0 | |a poľnohospodárstvo |
| 610 | 2 | 0 | |a ekológia |
| 610 | 2 | 0 | |a ochrana prostredia životného |
| 610 | 2 | 0 | |a škodcovia rastlinní |
| 610 | 2 | 0 | |a Česko |
| 100 | 1 | |a Boháč, Jaroslav | |
| 700 | 1 | |a Moudrý, Jan | |
| 700 | 1 | |a Desetová, Libuše | |